000 00451nam a2200145Ia 4500
008 100122s9999 xx 000 0 und d
082 _b21376
_a620.138
100 _aराजवाडे माधव
245 _aधरा समुद्र मंथन
260 _bअभय भिडे
_c1974
300 _a70
630 _aधरा समुद्र मंथन
730 _aधरा समुद्र मंथन
942 _cBOOK
999 _c409418
_d409415